| 000 | 00000nam##2200000za#4500 |
| 001 | 9.696648 |
| 003 | CaOODSP |
| 005 | 20250127142941 |
| 007 | cr ||||||||||| |
| 008 | 150407|2012||||xxc|||||o f|0| 0 eng|d |
| 020 | |a978-1-100-21233-3 |
| 040 | |aCaOODSP|beng |
| 043 | |an-cn--- |
| 086 | 1 |aCH44-144/2012E-PDF |
| 110 | 1 |aCanada. |bCanadian Heritage. |
| 245 | 10|aCanada's first report on the implementation of the UNESCO Convention on the Protection and Promotion of the Diversity of Cultural Expressions |h[electronic resource] |
| 260 | |aGatineau - Quebec : |bCanadian Heritage |cc2012. |
| 300 | |a169p.|btables |
| 590 | |a13-03|b2013-01-18 |
| 690 | 07|aCultural diversity|2gcpds |
| 690 | 07|aCultural policy|2gcpds |
| 775 | 08|tPremier rapport du Canada sur la mise en oeuvre de la Convention sur la protection et la promotion de la diversité des expressions culturelles de l'UNESCO |w(CaOODSP)9.640758 |
| 794 | |tCanada's 2024 quadrennial periodic report on the implementation of the UNESCO Convention on the Protection and Promotion of the Diversity of Cultural Expressions.|w(CaOODSP)9.947410 |
| 856 | 40|ahttp://publications.gc.ca|qPDF|s878 KB|uhttps://publications.gc.ca/collections/collection_2013/pc-ch/CH44-144-2012-eng.pdf |